000
00292nam a2200133Ia 4500
100
_a
Brahamankar/E.B & Other
942
_c
RB
654
_a
Bussiness
245
_a
Bussiness Organisation
260
_b
Universal Pub.House
_a
Bombay
_c
1978
300
_a
167
546
_a
ENGLISH
999
_c
19744
_d
19744